| 000 | 006060000a22002170004500 | ||
|---|---|---|---|
| 003 | LK-CoMWRAF | ||
| 005 | 20231122143732.0 | ||
| 008 | 230817t1968 ||||| |||| 00| 0 eng d | ||
| 040 |
_aLK-CoMWRAF _dLK-CoMWRAF _eLK-CoMWRAF |
||
| 041 | _aeng | ||
| 082 |
_a347.6 _bTYA |
||
| 100 | _aTyabji, Faiz Badruddin | ||
| 245 |
_aMuslim law: _bthe personal law of muslims in India and Pakistan |
||
| 250 | _a4th ed. | ||
| 260 |
_aBombay: _bTripathi, _c1968 |
||
| 300 |
_a487 p. - 1061 p. _bIndex and glossary included |
||
| 490 | _apart 2 | ||
| 650 | _aISLAMIC LAW-India | ||
| 650 | _aMuslim law | ||
| 942 | _cBK | ||
| 999 |
_c2603 _d2603 |
||